|
|
|
|
| LEADER |
01656cas a2200241 a 4500 |
| 001 |
AALejournalIMF009158 |
| 008 |
230101c9999 xx r poo 0 0eng d |
| 020 |
|
|
|c 5.00 USD
|
| 020 |
|
|
|z 9781451834383
|
| 022 |
|
|
|a 1934-7685
|
| 040 |
|
|
|a BD-DhAAL
|c BD-DhAAL
|
| 110 |
2 |
|
|a International Monetary Fund.
|
| 245 |
1 |
0 |
|a Solomon Islands :
|b Statistical Appendix.
|
| 264 |
|
1 |
|a Washington, D.C. :
|b International Monetary Fund,
|c 2006.
|
| 300 |
|
|
|a 1 online resource (37 pages)
|
| 490 |
1 |
|
|a IMF Staff Country Reports
|
| 500 |
|
|
|a <strong>Off-Campus Access:</strong> No User ID or Password Required
|
| 500 |
|
|
|a <strong>On-Campus Access:</strong> No User ID or Password Required
|
| 506 |
|
|
|a Electronic access restricted to authorized BRAC University faculty, staff and students
|
| 520 |
3 |
|
|a The paper presents statistical data on real sector indicators, real GDP, formal employment, central government operations, revenue and grants, expenditure, budget financing, gross domestic debt, and equity investment in Solomon Islands. It also presents the summary accounts of the banking system, assets and liabilities of the Development Bank of Solomon Islands, commercial bank advances, loans, and interest rates, balance of payments, trade indicators, composition of exports and imports, medium- and long-term external government debt-service payments, external debt indicators, and exchange rate indicators of the country.
|
| 538 |
|
|
|a Mode of access: Internet
|
| 830 |
|
0 |
|a IMF Staff Country Reports; Country Report ;
|v No. 2006/363
|
| 856 |
4 |
0 |
|z Full text available on IMF
|u http://elibrary.imf.org/view/journals/002/2006/363/002.2006.issue-363-en.xml
|z IMF e-Library
|